[Event "DEM U12/U12w 2004"]
[Site "Willingen GER"]
[Date "2004.06.02"]
[Round "6"]
[White "Raykhman, Alexsander"]
[Black "Jorczik, Julian"]
[Result "0-1"]
[Termination "normal"]
[Board "7"]
[WhiteElo "1609"]
[BlackElo "1792"]
[PlyCount "38"]
[BlackFideId "24611719"]
[EventCountry "GER"]
[EventRounds "11"]
[EventType "swiss"]
[EventDate "2004.05.29"]

1. d4 g6 2. c4 Bg7 3. e4 d6 4. Nc3 Nc6 5. Be3 e5 6. Nge2 f5 7. d5 Nce7 8. g3
Nf6 9. Bg2 O-O 10. h3 a6 11. Qd2 Bd7 12. O-O fxe4 13. Nxe4 Nxe4 14. Bxe4 Bxh3
15. Rfc1 Bg4 16. Kg2 Nf5 17. Bg5 Bf6 18. Bxf6 Qxf6 19. Bxf5 Qxf5 0-1

[Event "DEM U12/U12w 2004"]
[Site "Willingen GER"]
[Date "2004.06.02"]
[Round "6"]
[White "Eibl, Maximilian"]
[Black "Hirneise, Jens"]
[Result "1/2-1/2"]
[Termination "normal"]
[Board "8"]
[WhiteElo "1548"]
[BlackElo "1757"]
[PlyCount "63"]
[WhiteFideId "24620092"]
[BlackFideId "24614734"]
[EventCountry "GER"]
[EventRounds "11"]
[EventType "swiss"]
[EventDate "2004.05.29"]

1. d4 Nf6 2. c4 g6 3. Nc3 Bg7 4. Nf3 d6 5. Bg5 Nbd7 6. h3 e5 7. e3 O-O 8. Be2
h6 9. Bh4 Re8 10. O-O a5 11. Qc2 Nf8 12. Rad1 g5 13. Bg3 e4 14. Nd2 Bf5 15. Rb1
Qd7 16. b3 h5 17. Rfd1 h4 18. Bh2 c6 19. a3 Bh6 20. b4 axb4 21. axb4 Qe7 22. c5
d5 23. b5 g4 24. hxg4 Bxg4 25. Bd6 Qd7 26. Nf1 Ng6 27. bxc6 bxc6 28. Rb6 Ra3
29. Nb1 Ra7 30. Nc3 Ra3 31. Nb1 Ra7 32. Nc3 1/2-1/2

[Event "DEM U12/U12w 2004"]
[Site "Willingen GER"]
[Date "2004.06.02"]
[Round "6"]
[White "Blübaum, Johanna"]
[Black "Hobusch, Alexander"]
[Result "0-1"]
[Termination "normal"]
[Board "9"]
[WhiteElo "1443"]
[BlackElo "1735"]
[PlyCount "66"]
[WhiteFideId "24647373"]
[BlackFideId "24611387"]
[EventCountry "GER"]
[EventRounds "11"]
[EventType "swiss"]
[EventDate "2004.05.29"]

1. d4 e6 2. c4 d5 3. Nc3 Nf6 4. Bg5 Be7 5. e3 Nbd7 6. cxd5 exd5 7. Bd3 c6 8.
Nge2 Nh5 9. Bxe7 Qxe7 10. Qc2 Nb6 11. a4 a5 12. O-O Bd7 13. Qb3 Qd8 14. e4 dxe4
15. Nxe4 Be6 16. Qc2 Qc7 17. Ng5 O-O-O 18. Nxe6 fxe6 19. Rfc1 Nd5 20. Bc4 Nhf4
21. Nxf4 Qxf4 22. Bxd5 Rxd5 23. b4 Qxd4 24. b5 c5 25. Rd1 Qe5 26. b6 Rhd8 27.
Rxd5 Qxd5 28. Rc1 Qc6 29. Rb1 c4 30. Rc1 c3 31. Qxh7 Kb8 32. h3 Qxa4 33. Rxc3
Qa1+ 0-1

[Event "DEM U12/U12w 2004"]
[Site "Willingen GER"]
[Date "2004.06.02"]
[Round "6"]
[White "Oltzen, Samuel"]
[Black "Korman, Maxim"]
[Result "0-1"]
[Termination "normal"]
[Board "10"]
[WhiteElo "1389"]
[BlackElo "1719"]
[PlyCount "122"]
[BlackFideId "24619787"]
[EventCountry "GER"]
[EventRounds "11"]
[EventType "swiss"]
[EventDate "2004.05.29"]

1. e4 e6 2. d4 d5 3. exd5 exd5 4. c4 Bb4+ 5. Nc3 Ne7 6. a3 Bxc3+ 7. bxc3 O-O 8.
Nf3 Bg4 9. Be2 dxc4 10. Bxc4 Nd5 11. Bxd5 Qxd5 12. O-O Nc6 13. Bf4 Ne7 14. Qd3
Bxf3 15. gxf3 Ng6 16. Bg3 f5 17. c4 Qd7 18. f4 Rae8 19. Rfe1 Re7 20. Re3 Re6
21. Rxe6 Qxe6 22. Rd1 Re8 23. Kf1 Qe4 24. Qxe4 Rxe4 25. f3 Re3 26. Kf2 Rxa3 27.
Rb1 b6 28. Rc1 h5 29. h3 Ra2+ 30. Kg1 Rd2 31. d5 Rd4 32. Kf2 Rd2+ 33. Kg1 h4
34. Bh2 a5 35. Rc3 Kf7 36. Rc1 Ke7 37. c5 Rxd5 38. cxb6 cxb6 39. Rc6 Rd6 40.
Rc7+ Kf6 41. Rb7 a4 42. Ra7 b5 43. Ra5 Rb6 44. Kf2 Ne7 45. Ke2 Nc6 46. Ra8 Ke6
47. Re8+ Kd7 48. Rg8 a3 49. Rxg7+ Kc8 50. Rg1 b4 51. Rb1 a2 52. Ra1 b3 53. Bg1
b2 54. Rxa2 b1=Q 55. Ra8+ Kb7 56. Rf8 Qxg1 57. Rxf5 Nd4+ 58. Kd3 Nxf5 59. Kc3
Qd4+ 60. Kc2 Ne3+ 61. Kc1 Qb2# 0-1

[Event "DEM U12/U12w 2004"]
[Site "Willingen GER"]
[Date "2004.06.02"]
[Round "6"]
[White "Jussupow, Alexander"]
[Black "Vollmer, Jürgen"]
[Result "1-0"]
[Termination "normal"]
[Board "11"]
[WhiteElo "1715"]
[BlackElo "1571"]
[PlyCount "77"]
[WhiteFideId "24613509"]
[EventCountry "GER"]
[EventRounds "11"]
[EventType "swiss"]
[EventDate "2004.05.29"]

1. d4 d5 2. e3 Nf6 3. Nf3 e6 4. Bd3 c5 5. b3 Qa5+ 6. c3 Qc7 7. Bb2 Nc6 8. c4
cxd4 9. exd4 Be7 10. Nbd2 O-O 11. O-O Rd8 12. Qc2 Nb4 13. Qc3 Nxd3 14. Qxd3 b6
15. Rac1 Ba6 16. Qb1 Qd7 17. Ne5 Qe8 18. Rfe1 Rac8 19. Ndf3 h6 20. a3 Qf8 21.
cxd5 Nxd5 22. Nc6 Rd7 23. Nxe7+ Rxe7 24. Ne5 Rec7 25. Rxc7 Rxc7 26. Qe4 Nf6 27.
Qf3 Bb7 28. Qg3 Rc2 29. Bc1 Ne4 30. Qd3 Rxf2 31. Rxe4 Bxe4 32. Qxe4 f5 33. Qc6
Re2 34. Qxe6+ Kh7 35. Qg6+ Kg8 36. Bxh6 Re4 37. Qe6+ Kh7 38. Bxg7 Qxg7 39.
Qxf5+ 1-0

[Event "DEM U12/U12w 2004"]
[Site "Willingen GER"]
[Date "2004.06.02"]
[Round "6"]
[White "Strunski, Andreas"]
[Black "Mohr, Fides"]
[Result "1-0"]
[Termination "normal"]
[Board "12"]
[WhiteElo "1942"]
[BlackElo "1389"]
[PlyCount "63"]
[WhiteFideId "24606073"]
[EventCountry "GER"]
[EventRounds "11"]
[EventType "swiss"]
[EventDate "2004.05.29"]

1. d4 Nf6 2. c4 c5 3. d5 e5 4. Nc3 d6 5. e4 Be7 6. Be2 O-O 7. h3 Nbd7 8. Nf3
Kh8 9. Be3 Ne8 10. O-O g6 11. Nd2 f5 12. f4 Rg8 13. Nf3 exf4 14. Bxf4 g5 15.
Bd2 f4 16. Bd3 Ne5 17. Nxe5 dxe5 18. Be2 Nf6 19. Rf2 g4 20. hxg4 Nxg4 21. Bxg4
Bxg4 22. Qe1 f3 23. Qe3 fxg2 24. Rxg2 Bg5 25. Qd3 Bxd2 26. Qxd2 Qh4 27. Qf2 Qh5
28. Qf6+ Rg7 29. Rf1 Rag8 30. d6 Bf3 31. Rxf3 h6 32. Rfg3 1-0

[Event "DEM U12/U12w 2004"]
[Site "Willingen GER"]
[Date "2004.06.02"]
[Round "6"]
[White "Giesler, Julius"]
[Black "Fischer, Thomas"]
[Result "0-1"]
[Termination "normal"]
[Board "13"]
[WhiteElo "1394"]
[BlackElo "2041"]
[PlyCount "121"]
[BlackFideId "4683277"]
[EventCountry "GER"]
[EventRounds "11"]
[EventType "swiss"]
[EventDate "2004.05.29"]

1. e4 c5 2. Nf3 Nc6 3. d4 cxd4 4. Nxd4 Nf6 5. Nc3 e5 6. Ndb5 d6 7. Bg5 a6 8.
Na3 Be6 9. Nd5 Bxd5 10. Bxf6 Qa5+ 11. c3 Be6 12. Bg5 d5 13. Bd3 Bxa3 14. bxa3
Qxc3+ 15. Kf1 d4 16. Rb1 Rb8 17. Be2 O-O 18. Kg1 Rfc8 19. h3 Qxa3 20. Kh2 Na5
21. Bd2 Nc6 22. Bg4 Qe7 23. Qe2 b5 24. Rhc1 Bxg4 25. Qxg4 Rc7 26. f4 Rbc8 27.
Rc2 Na7 28. Rxc7 Rxc7 29. fxe5 Qe6 30. Qxe6 fxe6 31. Bb4 Rc4 32. a3 Nc6 33. Bd6
h6 34. Rd1 a5 35. Kg3 b4 36. axb4 axb4 37. Rd2 Rc3+ 38. Kf2 b3 39. Ke2 Re3+ 40.
Kd1 Rxe4 41. Kc1 Nxe5 42. Bxe5 Rxe5 43. Kb2 Rd5 44. Kxb3 Kf7 45. Kc4 Rd7 46.
Rxd4 Rxd4+ 47. Kxd4 Kf6 48. Ke4 h5 49. h4 e5 50. g3 Ke6 51. Ke3 Kf5 52. Kf3 e4+
53. Ke3 Kg4 54. Kxe4 Kxg3 55. Ke3 Kxh4 56. Kf2 Kh3 57. Kg1 g5 58. Kh1 g4 59.
Kg1 g3 60. Kh1 h4 61. Kg1 0-1

[Event "DEM U12/U12w 2004"]
[Site "Willingen GER"]
[Date "2004.06.02"]
[Round "6"]
[White "Colpe, Malte"]
[Black "Schrödter, Thomas"]
[Result "0-1"]
[Termination "normal"]
[Board "14"]
[WhiteElo "1520"]
[BlackElo "1827"]
[PlyCount "122"]
[WhiteFideId "24623075"]
[EventCountry "GER"]
[EventRounds "11"]
[EventType "swiss"]
[EventDate "2004.05.29"]

1. d4 Nf6 2. Nf3 e6 3. e3 b6 4. Bd3 Bb7 5. O-O Be7 6. c4 c5 7. b3 O-O 8. Bb2
cxd4 9. exd4 d6 10. Nbd2 Nbd7 11. Re1 Rc8 12. Ne4 d5 13. Nxf6+ Nxf6 14. cxd5
Nxd5 15. Be4 Bd6 16. Ne5 Qh4 17. g3 Qe7 18. f4 Bb4 19. Re2 Nc3 20. Bxc3 Bxc3
21. Rc1 Bxd4+ 22. Kg2 Bxe5 23. fxe5 Bxe4+ 24. Rxe4 Qb7 25. Kf3 Rfd8 26. Rxc8
Qxc8 27. Qe2 Qd7 28. a4 Qd3+ 29. Qe3 Kf8 30. h4 Qf1+ 31. Qf2 Rd3+ 32. Re3 Rxe3+
33. Kxe3 Qxf2+ 34. Kxf2 Ke7 35. Ke3 Kd7 36. Kd4 Kc6 37. b4 b5 38. a5 a6 39. g4
f6 40. exf6 gxf6 41. Ke4 h6 42. Kd4 Kd6 43. Ke4 Kd7 44. Kd4 Kc6 45. Ke4 Kd6 46.
h5 Kd7 47. Kf4 Kc6 48. Ke4 Kd6 49. Kd4 e5+ 50. Ke4 Ke6 51. Kf3 f5 52. g5 hxg5
53. Ke3 Kf6 54. Kf3 Kg7 55. Ke3 Kh6 56. Ke2 Kxh5 57. Ke1 Kg4 58. Kf1 Kf3 59.
Ke1 e4 60. Kf1 e3 61. Ke1 e2 0-1

[Event "DEM U12/U12w 2004"]
[Site "Willingen GER"]
[Date "2004.06.02"]
[Round "6"]
[White "Nuber, Blasius"]
[Black "Penne, Bo"]
[Result "1-0"]
[Termination "normal"]
[Board "15"]
[WhiteElo "1763"]
[BlackElo "1532"]
[PlyCount "97"]
[WhiteFideId "24620289"]
[BlackFideId "24642193"]
[EventCountry "GER"]
[EventRounds "11"]
[EventType "swiss"]
[EventDate "2004.05.29"]

1. d4 d5 2. c4 c6 3. Nc3 Nf6 4. Nf3 e6 5. Bg5 Be7 6. e3 O-O 7. cxd5 cxd5 8. Bd3
Nc6 9. O-O a6 10. Rc1 Bd7 11. Na4 Nb4 12. Bb1 h6 13. Bh4 Bb5 14. Re1 Ne4 15.
Bxe7 Qxe7 16. a3 Bxa4 17. Qxa4 Nc6 18. Bxe4 dxe4 19. Nd2 f5 20. Qb3 Rfd8 21.
Nc4 Rac8 22. Nb6 Rc7 23. Rc5 Kh7 24. Rec1 Qf7 25. Qc3 f4 26. Qc2 Qg6 27. b4 f3
28. g3 Qg4 29. h3 Qg6 30. Nc4 Kh8 31. Nd2 Rf8 32. Qxe4 Qf7 33. Nc4 Qf6 34. Ne5
Kg8 35. Nxc6 bxc6 36. Rxc6 Rxc6 37. Rxc6 Re8 38. Rxa6 Qf7 39. Ra8 Rxa8 40.
Qxa8+ Kh7 41. Qc6 Qf5 42. Kh2 Qf6 43. b5 Qf7 44. b6 Qf8 45. Qxe6 Qxa3 46. Qf5+
Kh8 47. b7 Qb2 48. Qxf3 Qb4 49. Qc6 1-0

[Event "DEM U12/U12w 2004"]
[Site "Willingen GER"]
[Date "2004.06.02"]
[Round "6"]
[White "Schmitt, Philipp"]
[Black "Lobmeyer, Fabian"]
[Result "1/2-1/2"]
[Termination "normal"]
[Board "16"]
[WhiteElo "1691"]
[BlackElo "1522"]
[PlyCount "62"]
[WhiteFideId "24641766"]
[BlackFideId "24659681"]
[EventCountry "GER"]
[EventRounds "11"]
[EventType "swiss"]
[EventDate "2004.05.29"]

1. e4 c5 2. Nf3 d6 3. c4 g6 4. d4 cxd4 5. Nxd4 Bg7 6. Be3 Nf6 7. Nc3 O-O 8. Be2
Nc6 9. O-O Nd7 10. Qd2 Nde5 11. h3 Nxd4 12. Bxd4 Be6 13. b3 a6 14. Rac1 Rc8 15.
Rfd1 Qa5 16. Nd5 Qxd2 17. Nxe7+ Kh8 18. Rxd2 Rce8 19. Nd5 Bxd5 20. cxd5 Rc8 21.
Rdc2 Rb8 22. Rc7 Nf3+ 23. Bxf3 Bxd4 24. Rd7 Bc5 25. Rb1 a5 26. Kf1 b6 27. Be2
Rbd8 28. Rxd8 Rxd8 29. Bd3 Kg7 30. Bc4 Re8 31. Re1 g5 1/2-1/2

[Event "DEM U12/U12w 2004"]
[Site "Willingen GER"]
[Date "2004.06.02"]
[Round "6"]
[White "Dinger, Solvejg"]
[Black "Orhan, Zilan"]
[Result "1-0"]
[Termination "normal"]
[Board "17"]
[WhiteElo "1329"]
[BlackElo "1626"]
[PlyCount "33"]
[BlackFideId "24624640"]
[EventCountry "GER"]
[EventRounds "11"]
[EventType "swiss"]
[EventDate "2004.05.29"]

1. e4 e5 2. Nf3 Nc6 3. Nc3 Nf6 4. Bb5 Nd4 5. Nxe5 Nxe4 6. Nxe4 Qe7 7. f4 Nxb5
8. Qe2 Nd4 9. Qd3 d5 10. Nc3 c5 11. O-O Bf5 12. Qe3 Nxc2 13. Nxd5 Qd6 14. Qb3
Be4 15. Qb5+ Kd8 16. Nxf7+ Kc8 17. Qe8+ 1-0

[Event "DEM U12/U12w 2004"]
[Site "Willingen GER"]
[Date "2004.06.02"]
[Round "6"]
[White "Dalakian, Haroutioun"]
[Black "Belger, Christian"]
[Result "1-0"]
[Termination "normal"]
[Board "18"]
[WhiteElo "1294"]
[BlackElo "1581"]
[PlyCount "117"]
[WhiteFideId "24632058"]
[BlackFideId "24622940"]
[EventCountry "GER"]
[EventRounds "11"]
[EventType "swiss"]
[EventDate "2004.05.29"]

1. e4 c5 2. d4 cxd4 3. c3 d5 4. exd5 Qxd5 5. cxd4 Nc6 6. Nf3 e5 7. Nc3 Bb4 8.
Bd2 Bxc3 9. Bxc3 e4 10. Ne5 Nxe5 11. dxe5 Ne7 12. Qe2 Bf5 13. Rd1 Qc5 14. Qb5+
Qc6 15. Rd6 Qxb5 16. Bxb5+ Kf8 17. O-O a6 18. Rfd1 g5 19. Rd8+ Kg7 20. e6+ f6
21. Rxh8 Rxh8 22. Bc4 Nc6 23. Rd7+ Kg6 24. Rf7 Ne5 25. Bxe5 fxe5 26. Rxb7 Rc8
27. b3 Rd8 28. Rd7 Ra8 29. Rd6 Kg7 30. Rxa6 Rd8 31. Ra7+ Kf6 32. Rd7 Rc8 33. h3
Bg6 34. e7 Re8 35. a4 Rxe7 36. Rxe7 Kxe7 37. Kf1 Kd6 38. Ke2 Kc5 39. Ke3 h5 40.
g3 g4 41. hxg4 hxg4 42. Be6 Kb4 43. Bd5 Bf5 44. Bxe4 Be6 45. Bg6 Bxb3 46. Bh5
Bd1 47. Ke4 Kxa4 48. Kxe5 Kb4 49. Kf4 Kc5 50. Bxg4 Bb3 51. Ke5 Kc6 52. f4 Kc7
53. Be6 Bd1 54. g4 Kd8 55. g5 Ke8 56. Kf6 Bh5 57. f5 Bg4 58. g6 Bxf5 59. Bxf5
1-0

[Event "DEM U12/U12w 2004"]
[Site "Willingen GER"]
[Date "2004.06.02"]
[Round "6"]
[White "Frey, Alisa"]
[Black "Doberitz, Paul"]
[Result "1-0"]
[Termination "normal"]
[Board "19"]
[WhiteElo "1233"]
[BlackElo "1576"]
[PlyCount "47"]
[WhiteFideId "24634662"]
[BlackFideId "24646130"]
[EventCountry "GER"]
[EventRounds "11"]
[EventType "swiss"]
[EventDate "2004.05.29"]

1. e4 c5 2. Nf3 d6 3. d4 cxd4 4. Nxd4 Nf6 5. Nc3 g6 6. Be3 Bg7 7. f3 O-O 8. Qd2
Nc6 9. O-O-O Nxd4 10. Bxd4 Be6 11. Kb1 Qc7 12. h4 Rfc8 13. h5 Nxh5 14. Bxg7
Kxg7 15. g4 Nf6 16. Qh6+ Kg8 17. g5 Nh5 18. Bd3 Qa5 19. Nd5 Bxd5 20. exd5 f5
21. Bxf5 gxf5 22. Rxh5 Kf7 23. Qe6+ Ke8 24. Rxh7 1-0

[Event "DEM U12/U12w 2004"]
[Site "Willingen GER"]
[Date "2004.06.02"]
[Round "6"]
[White "Billing, Alexander"]
[Black "Maier, Maximilian"]
[Result "1/2-1/2"]
[Termination "normal"]
[Board "20"]
[WhiteElo "1533"]
[BlackElo "1510"]
[PlyCount "84"]
[WhiteFideId "24624420"]
[EventCountry "GER"]
[EventRounds "11"]
[EventType "swiss"]
[EventDate "2004.05.29"]

1. e4 c5 2. Nc3 Nc6 3. g3 g6 4. Bg2 Bg7 5. d3 e6 6. Be3 d6 7. Qd2 Qa5 8. Nf3
Nd4 9. Nh4 Ne7 10. O-O O-O 11. f4 Bd7 12. Nd5 Qd8 13. Nxe7+ Qxe7 14. c3 Nc6 15.
f5 exf5 16. exf5 Rfe8 17. Rae1 Qd8 18. Bd5 gxf5 19. Nxf5 Bxf5 20. Rxf5 Rf8 21.
Bh6 Ne5 22. h4 Kh8 23. d4 cxd4 24. cxd4 Nd7 25. Rxf7 Rxf7 26. Bxf7 Qf6 27.
Bxg7+ Qxg7 28. Qf2 Rf8 29. Re8 Rxe8 30. Bxe8 Nf6 31. Bb5 Ne4 32. Qg2 Qxg3 33.
Qxg3 Nxg3 34. Bd3 Kg7 35. Kf2 Nh5 36. Kf3 Nf6 37. b4 Nd5 38. a3 b6 39. Ke4 Nf6+
40. Kf5 Kf7 41. Kg5 Kg7 42. h5 h6+ 1/2-1/2

[Event "DEM U12/U12w 2004"]
[Site "Willingen GER"]
[Date "2004.06.02"]
[Round "6"]
[White "Endress, Anna"]
[Black "Jung, Gerhard"]
[Result "0-1"]
[Termination "normal"]
[Board "21"]
[WhiteElo "1755"]
[BlackElo "1386"]
[PlyCount "106"]
[WhiteFideId "24629472"]
[BlackFideId "24629812"]
[EventCountry "GER"]
[EventRounds "11"]
[EventType "swiss"]
[EventDate "2004.05.29"]

1. e4 e5 2. Nf3 Nc6 3. Bb5 a6 4. Bxc6 dxc6 5. O-O f6 6. d4 Bg4 7. dxe5 Qxd1 8.
Rxd1 fxe5 9. h3 Bxf3 10. gxf3 Bd6 11. Be3 O-O-O 12. c4 c5 13. Nc3 Rf8 14. Kg2
Ne7 15. Nd5 Ng6 16. Nb6+ cxb6 17. Rxd6 Nh4+ 18. Kg3 Nxf3 19. Rxb6 Nd4 20. Bxd4
cxd4 21. Re6 Re8 22. Rxe8+ Rxe8 23. f4 Kd7 24. b4 Ke6 25. f5+ Kd6 26. a4 Kc6
27. Rc1 a5 28. bxa5 Ra8 29. h4 Rxa5 30. Rb1 b6 31. Kg4 Rxa4 32. Rb5 Ra5 33. Rb1
Ra4 34. Rb5 Ra5 35. Rb1 Ra4 36. Rc1 Ra3 37. Re1 Re3 38. Rxe3 dxe3 39. Kf3 Kc5
40. Kxe3 Kxc4 41. h5 h6 42. Kf3 b5 43. Kg4 b4 44. f6 gxf6 45. Kf5 b3 46. Kg6 b2
47. Kxh6 b1=Q 48. Kg7 Qxe4 49. h6 Qh4 50. Kg6 Qxh6+ 51. Kxh6 e4 52. Kg6 e3 53.
Kxf6 e2 0-1

[Event "DEM U12/U12w 2004"]
[Site "Willingen GER"]
[Date "2004.06.02"]
[Round "6"]
[White "Sharikow, Alexej"]
[Black "Schäfer, Alexander"]
[Result "0-1"]
[Termination "normal"]
[Board "22"]
[WhiteElo "1420"]
[BlackElo "1701"]
[PlyCount "68"]
[BlackFideId "24615196"]
[EventCountry "GER"]
[EventRounds "11"]
[EventType "swiss"]
[EventDate "2004.05.29"]

1. d4 Nf6 2. c4 e6 3. Nc3 Bb4 4. a3 Bxc3+ 5. bxc3 c5 6. Bg5 h6 7. Bh4 Nc6 8.
Nf3 Qa5 9. Qd3 cxd4 10. Bxf6 gxf6 11. Nxd4 Ne5 12. Qg3 Nxc4 13. e4 Nd6 14. Nb3
Qe5 15. Qxe5 fxe5 16. Bd3 b6 17. O-O Bb7 18. f3 Rc8 19. Rac1 Ke7 20. Nd2 Rhg8
21. f4 exf4 22. Rxf4 f5 23. g3 e5 24. Rh4 f4 25. Kg2 fxg3 26. hxg3 Nf5 27. Rh3
Rg6 28. Kf2 Nd4 29. Nc4 Rf8+ 30. Kg2 Nb3 31. Rch1 Nc5 32. Bb1 Nxe4 33. Re1 Nd2+
34. Kh2 Rf2+ 0-1

[Event "DEM U12/U12w 2004"]
[Site "Willingen GER"]
[Date "2004.06.02"]
[Round "6"]
[White "Yakovenko, Oleg"]
[Black "Kaphle, Stephan"]
[Result "1/2-1/2"]
[Termination "normal"]
[Board "23"]
[WhiteElo "1365"]
[BlackElo "1597"]
[PlyCount "70"]
[WhiteFideId "4696000"]
[BlackFideId "24629103"]
[EventCountry "GER"]
[EventRounds "11"]
[EventType "swiss"]
[EventDate "2004.05.29"]

1. e4 e6 2. d4 c5 3. Nf3 cxd4 4. Nxd4 Bc5 5. Nb3 Bb6 6. Nc3 a6 7. Be2 Ne7 8.
O-O O-O 9. Kh1 Nbc6 10. Bf4 Bc7 11. Bd6 Bxd6 12. Qxd6 b6 13. Rad1 Ng6 14. f4
Ra7 15. Nd4 Qc7 16. Nxc6 dxc6 17. Qd2 Ne7 18. Bc4 b5 19. Bb3 c5 20. a3 Qc6 21.
Qe3 Ra8 22. Rf3 Bb7 23. Re1 Ng6 24. Qf2 Rad8 25. f5 exf5 26. exf5 Nh8 27. f6 c4
28. fxg7 Kxg7 29. Rg3+ Ng6 30. Ba2 Kh8 31. Qf5 Nh4 32. Qg5 Ng6 33. h4 f6 34.
Qh6 Rg8 35. h5 Nh4 1/2-1/2

[Event "DEM U12/U12w 2004"]
[Site "Willingen GER"]
[Date "2004.06.02"]
[Round "6"]
[White "Mertens, Pauline"]
[Black "Dzodziev, Daniel"]
[Result "1-0"]
[Termination "normal"]
[Board "24"]
[WhiteElo "1375"]
[BlackElo "1544"]
[PlyCount "71"]
[WhiteFideId "24671959"]
[EventCountry "GER"]
[EventRounds "11"]
[EventType "swiss"]
[EventDate "2004.05.29"]

1. e4 e5 2. Nf3 Nc6 3. d4 exd4 4. Nxd4 Nf6 5. Nxc6 bxc6 6. e5 Qe7 7. Qe2 Nd5 8.
c4 Nb6 9. b3 Qe6 10. Bb2 Ba6 11. Qe3 d6 12. Bd3 Nd7 13. exd6 cxd6 14. Be4 Rc8
15. Nd2 Rc7 16. Rd1 Nf6 17. Bf3 Kd7 18. Ne4 Nxe4 19. Qxe4 Bb7 20. Bg4 c5 21.
Bxe6+ fxe6 22. Qg4 Be7 23. O-O h5 24. Qxg7 Rf8 25. Be5 Kc8 26. Bg3 Rf5 27. Qc3
Rg5 28. f3 Rf5 29. Rfe1 h4 30. Bf2 h3 31. Qh8+ Bf8 32. Rxe6 Bxf3 33. gxf3 Rg7+
34. Bg3 Rxf3 35. Re8+ Kd7 36. Rxf8 1-0

[Event "DEM U12/U12w 2004"]
[Site "Willingen GER"]
[Date "2004.06.02"]
[Round "6"]
[White "Wolff, Christoph"]
[Black "Weber, Raphael"]
[Result "1-0"]
[Termination "normal"]
[Board "26"]
[WhiteElo "1374"]
[BlackElo "1471"]
[PlyCount "53"]
[WhiteFideId "24659495"]
[BlackFideId "24644110"]
[EventCountry "GER"]
[EventRounds "11"]
[EventType "swiss"]
[EventDate "2004.05.29"]

1. Nc3 e5 2. Nf3 Nc6 3. d4 exd4 4. Nxd4 Bb4 5. Nxc6 bxc6 6. Qd4 Bf8 7. e4 Ne7
8. Bc4 Bb7 9. O-O d5 10. Bb3 Qd6 11. Be3 f6 12. Rad1 Ng6 13. exd5 c5 14. Qa4+
Kd8 15. Rfe1 Be7 16. Ne4 Qb6 17. Qc4 Ne5 18. Qc3 Nd7 19. Bf4 Kc8 20. Ng3 Bd6
21. Bxd6 cxd6 22. Ba4 Ne5 23. h3 Ng6 24. Kh1 Rb8 25. Re7 Rg8 26. Qe3 Qd8 27.
Qe6+ 1-0

[Event "DEM U12/U12w 2004"]
[Site "Willingen GER"]
[Date "2004.06.02"]
[Round "6"]
[White "Völsgen, Georg"]
[Black "Döring, Julia"]
[Result "1-0"]
[Termination "normal"]
[Board "27"]
[WhiteElo "1456"]
[BlackElo "1321"]
[PlyCount "137"]
[WhiteFideId "24635901"]
[EventCountry "GER"]
[EventRounds "11"]
[EventType "swiss"]
[EventDate "2004.05.29"]

1. e4 c5 2. Nf3 d6 3. d4 cxd4 4. Nxd4 Nf6 5. Nc3 g6 6. Be2 Bg7 7. O-O O-O 8.
Be3 Nc6 9. f4 Bd7 10. h3 a6 11. Nb3 Rc8 12. Rb1 b5 13. a3 Na5 14. Nxa5 Qxa5 15.
g4 Qc7 16. g5 Ne8 17. Nd5 Qd8 18. Bb6 Nc7 19. Bxc7 Rxc7 20. Nxc7 Qxc7 21. Kg2
Rc8 22. c3 Qc5 23. Qd3 Qc6 24. Bg4 Bxg4 25. hxg4 Qc5 26. Rh1 Rd8 27. Rh2 d5 28.
Rbh1 Qc4 29. Qxc4 dxc4 30. Kf3 Rd3+ 31. Kf2 Rd2+ 32. Ke3 Rd3+ 33. Ke2 Rg3 34.
Rf2 Rd3 35. Rf3 Rd8 36. Rfh3 Rd7 37. Rxh7 Rd3 38. R7h3 Rd8 39. Rd1 Re8 40. Rd7
Kf8 41. Ra7 Rd8 42. Rxa6 Rb8 43. f5 gxf5 44. gxf5 Be5 45. f6 exf6 46. Rh8+ Ke7
47. gxf6+ Kd7 48. Rxb8 Bxb8 49. Rb6 Be5 50. Rxb5 Bxf6 51. Rb4 Kc7 52. Rxc4+ Kb7
53. Kd3 Kb6 54. Rb4+ Ka6 55. b3 Be7 56. Ra4+ Kb6 57. c4 f6 58. b4 Bf8 59. c5+
Kb7 60. Kc4 Bh6 61. b5 Bf4 62. c6+ Kb8 63. b6 Be5 64. b7 Kc7 65. Ra8 Kxc6 66.
b8=Q Bxb8 67. Rxb8 Kc7 68. Rf8 Kd7 69. Rxf6 1-0

[Event "DEM U12/U12w 2004"]
[Site "Willingen GER"]
[Date "2004.06.02"]
[Round "6"]
[White "Pfefferkorn, Adrian"]
[Black "Huhnstock, Rico"]
[Result "1-0"]
[Termination "normal"]
[Board "28"]
[WhiteElo "1285"]
[BlackElo "1449"]
[PlyCount "77"]
[BlackFideId "24642932"]
[EventCountry "GER"]
[EventRounds "11"]
[EventType "swiss"]
[EventDate "2004.05.29"]

1. e4 c5 2. Nf3 d6 3. d4 cxd4 4. Nxd4 Nf6 5. Nc3 g6 6. Be3 Bg7 7. f3 O-O 8. Qd2
Nc6 9. O-O-O Bd7 10. Kb1 Rc8 11. g4 Ne5 12. h4 h5 13. g5 Ne8 14. f4 Nc4 15.
Bxc4 Rxc4 16. f5 a6 17. Rdf1 Rc8 18. Rf2 Nc7 19. Rhf1 b5 20. fxg6 fxg6 21.
Rxf8+ Bxf8 22. Qf2 Qe8 23. Nf3 Bg7 24. Qd2 Be6 25. Bd4 Bxd4 26. Qxd4 Bf7 27. e5
Rd8 28. Qf4 Qd7 29. exd6 exd6 30. Ne4 Ne8 31. Nd4 Rc8 32. Qf2 d5 33. Nf6+ Nxf6
34. Qxf6 Qc7 35. Rf2 Qb7 36. Ne6 Be8 37. Qf8+ Kh7 38. Qh6+ Kg8 39. Rf8# 1-0

[Event "DEM U12/U12w 2004"]
[Site "Willingen GER"]
[Date "2004.06.02"]
[Round "6"]
[White "Gersch, Andre"]
[Black "Spangenberg, Pia"]
[Result "1-0"]
[Termination "normal"]
[Board "29"]
[WhiteElo "1433"]
[BlackElo "1264"]
[PlyCount "39"]
[BlackFideId "4627989"]
[EventCountry "GER"]
[EventRounds "11"]
[EventType "swiss"]
[EventDate "2004.05.29"]

1. e4 e5 2. Nf3 Nf6 3. Nc3 Bb4 4. Nxe5 d6 5. Nd3 Bxc3 6. dxc3 Nxe4 7. Nf4 Nc6
8. Bd3 Nf6 9. O-O O-O 10. Be3 Bd7 11. Qd2 Re8 12. Rfe1 Ng4 13. f3 Nxe3 14. Rxe3
Rxe3 15. Qxe3 Qg5 16. Re1 f6 17. Bc4+ Kf8 18. Ne6+ Bxe6 19. Qxe6 Qg6 20. Qg8#
1-0

[Event "DEM U12/U12w 2004"]
[Site "Willingen GER"]
[Date "2004.06.02"]
[Round "6"]
[White "Bochis, Julia"]
[Black "Park, Johannes"]
[Result "1/2-1/2"]
[Termination "normal"]
[Board "30"]
[WhiteElo "1261"]
[BlackElo "1433"]
[PlyCount "133"]
[WhiteFideId "24647276"]
[EventCountry "GER"]
[EventRounds "11"]
[EventType "swiss"]
[EventDate "2004.05.29"]

1. e4 c5 2. c3 d5 3. exd5 Qxd5 4. d4 Nf6 5. Be3 cxd4 6. Qxd4 e6 7. Qxd5 Nxd5 8.
Bd4 Nc6 9. Nf3 Nxd4 10. Nxd4 Bc5 11. Bb5+ Bd7 12. Bxd7+ Kxd7 13. Nb3 Bb6 14.
N1d2 Ke7 15. Nc4 Bc7 16. O-O-O b6 17. Nd4 Bf4+ 18. Kb1 Rac8 19. Na3 a6 20. Nac2
Rhd8 21. g3 Be5 22. Rhe1 Bf6 23. Re2 Rxc3 24. Ree1 Rcc8 25. Nb3 Nc7 26. Ne3
Rxd1+ 27. Rxd1 Rd8 28. Rc1 Nd5 29. Nxd5+ Rxd5 30. Rc7+ Rd7 31. Rc6 Rb7 32. Rc2
Be5 33. Re2 Bd6 34. Kc2 Rc7+ 35. Kd1 Bb4 36. a3 Rd7+ 37. Kc2 Bd6 38. Rd2 Bb8
39. Re2 Ba7 40. Kc3 Bb8 41. Kc2 f6 42. Kc1 e5 43. Kc2 f5 44. f4 e4 45. Re3 Kf6
46. Kc3 h6 47. Nd4 g5 48. Ne2 Bd6 49. Kc2 Bb8 50. Kc3 Rd1 51. fxg5+ hxg5 52. h3
Rf1 53. Kd2 Rf3 54. b3 Rxe3 55. Kxe3 Bxg3 56. Nxg3 f4+ 57. Kxe4 fxg3 58. Kf3 g2
59. Kxg2 Kf5 60. Kf3 Kf6 61. Kf2 Kg6 62. Kg2 Kh6 63. Kh2 a5 64. a4 Kh5 65. Kg3
Kg6 66. Kg4 Kf6 67. Kg3 1/2-1/2